00330 a2200109 4500001001000000005001700010008004100027245006600068100002700134773004200161999001700203ART_2321620260410161625.0260409a 10aPrescripción de las acciones de responsabilidad societarias1 aJunyent Bas, Francisco0 tEnfoquesg- Nº 2 (feb. 2014)wREV416 c11909d11909